000 00619nam a2200229Ia 4500
003 OSt
005 20221007080540.0
006 a|||||r|||| 00| 0
007 ta
008 221006b |||||||| |||| 00| 0 eng d
024 _a12,311
037 _cTextual
040 _aFLL
_cFLL
_beng
041 _2eng
_aeng
082 _aV2:91y7N75, L8
100 _aBhushan P. Au.
_9695005
245 0 _aCase that shook india
260 _aNew Delhi
_bVikas publishing house pvt. ltd. India
_c1978
300 _a294p
_ccm.
942 _hV2:91y7N75, L8
_cTEXL
_2CC
999 _c1160061
_d1160061